|
|
|
|
| LEADER |
00000nam0a2200000 4500 |
| 001 |
358332 |
| 005 |
20231102011101.0 |
| 035 |
|
|
|a (RuTPU)RU\TPU\retro\15600
|
| 090 |
|
|
|a 358332
|
| 100 |
|
|
|a 20200814d1898 m y0rusy50 ca
|
| 101 |
1 |
|
|a rus
|c ger
|
| 102 |
|
|
|a RU
|
| 105 |
|
|
|a af gj 000zy
|
| 200 |
1 |
|
|a Большая паровая машина и первая помощь в несчастных случаях с нею
|e практическое руководство к уходу и надзору за паровой машиной
|e пер. с нем.
|h Вып. 1
|f Г. Хедер
|g пер. А. И. Сидорова
|
| 205 |
|
|
|a Издание С. В. Касаткина и А. И. Сидорова
|
| 210 |
|
|
|a Москва
|c Типо-литография "Русского Товарищества печатного и издательского дела"
|d 1898
|
| 215 |
|
|
|a 371 с.
|c ил.
|e Прилож.: 1 вкл. л.
|
| 300 |
|
|
|a Текст в русской дореформенной орфографии
|
| 606 |
1 |
|
|a Паровые машины клапанные
|x Эксплуатация
|x Ремонт
|2 stltpush
|3 (RuTPU)RU\TPU\subj\48240
|9 67117
|
| 610 |
1 |
|
|a уход
|
| 610 |
1 |
|
|a обслуживание
|
| 610 |
1 |
|
|a практические руководства
|
| 610 |
1 |
|
|a библиотека А. Э. Сабека
|
| 610 |
1 |
|
|a практические приемы
|
| 610 |
1 |
|
|a примеры
|
| 610 |
1 |
|
|a детали
|
| 610 |
1 |
|
|a коленчатый вал
|
| 610 |
1 |
|
|a кривошипно-шатунный механизм
|
| 610 |
1 |
|
|a кривошипно-шатунный механизм
|
| 610 |
1 |
|
|a золотниковые устройства
|
| 610 |
1 |
|
|a справочные издания
|
| 675 |
|
|
|a 621.161(07)(035)
|v 4
|
| 700 |
|
1 |
|a Хедер
|b Г.
|
| 702 |
|
1 |
|a Сидоров
|b А. И.
|4 730
|
| 801 |
|
1 |
|a RU
|b 63413507
|c 20200814
|
| 801 |
|
2 |
|a RU
|b 63413507
|c 20201014
|g RCR
|
| 942 |
|
|
|c BK
|